00767cam a22002411 4500001001300000003000400013005001700017008004100034010001700075035002000092040001800112042001200130050003200142110001900174240001500193245018900208250001400397260002100411300002100432650004000453700001600493700001600509sa 66005867 DLC20260227112252.0910418s1963 ii 000 0 eng  asa 66005867  a(OCoLC)24197102 aDLCcViUdDLC apremarc00aKNT8600.9.A311958bP38 19631 aKerala (India)10aLaws, etc.14aThe Kerala agriculturists debt relief act, 1958, Act 31 of 1958 (amendments and decisions up-to-date) and Cochin agriculturists relief act, 1114 /cwith notes by C.V. Paul & T.P. Diaz. a[1st ed.] a[Trichur]c1963. a155 p. ;c22 cm. 0aAgricultural creditzIndiazKerala.1 aPaul, C. V.1 aDiaz, T. P.